02103nam a2200265 a 450000100100000000500170001000800410002704000250006810000410009324501550013425000530028926000610034230000170040349000570042050502500047783000640072704900090079195201930080095201810099395201860117495201730136095201140153395201730164799900170182000002622020200930024414.0110307s1953 dr 000 0 spa d aDO-SdBNPbspacBNPHU1 aPrice-Mars, Jean,d1876-1969.95211813aLa República de Haití y la República Dominicana :bdiversos aspectos de un problema histórico, geográfico y etnológico /cJean Price Mars. a4. ed. facsim. de la 3ra. versión en español aPuerto Principe :bIndustria gráficas España,c1953. av. ;c23 cm.1 aTercer cincuentenario de la Independencia de Haití2 tLas negociacioes dominicanas con las potencias extrageras.tLa entrada en escena de Los Estados Unidos de NorteaméricatEl gobierno de Fabre Nicolás Geffrad ante el problema dominicanotLa nueva República Dominicana y la lucha de facciones 0aTercer cincuentenario de la Independencia de Haití953244 aBNPD 001154708RVaGRbGRcMId2011-06-09iLF1l0ov. 1, e. 3p26220-30r2020-06-25w2020-06-25y4zPerteneció a la biblioteca personal de Aída Cartagena Portalatín.ZPréstamo en sala 001050718RVaPDbPDcHDd2011-03-25iLF1l0ov. 1p26220-10r2020-06-25w2020-06-25y1zPerteneció a la biblioteca personal de Aída Cartagena Portalatín.ZNo se presta 001050718RVaPDbPDcCTd2011-06-09iLF1l0ov. 1, e. 2p26220-20r2020-06-25w2020-06-25y1zPerteneció a la biblioteca personal de Carlos Larrazábal Blanco.ZNo se presta 001050718RVaPDbPDcCTd2011-06-09iLF1l0ov. 2p26220-40r2020-06-25w2020-06-25y1zPerteneció a la biblioteca personal de Germán Emilio Ornes.ZNo se presta 001050718RVaPDbPDcCTd2011-06-09iLF1l0ov. 2, e. 2p26220-50r2020-06-25w2020-06-25y1ZNo se presta 001050718RVaPDbPDcCTd2011-10-18iLF1l0ov. 3p26220-60r2020-06-25w2020-06-25y1zPerteneció a la biblioteca personal de Germán Emilio Ornes.ZNo se presta c25712d25712